Countries taking up most refugees (percentage of population) - Statistics

General Stats
  • This quiz has been taken 637 times
  • The average score is 3 of 10
Answer Stats
Answer Refugees per 1000 % Correct
Turkey 21
86%
Lebanon 232
68%
Jordan 87
67%
Sweden 15
56%
Malta 14
21%
South Sudan 21
14%
Chad 34
12%
Djibouti 23
10%
Mauritania 19
5%
Nauru 39
3%
No matching quizzes found
Score Distribution
Percent of People with Each Score
Percentile by Number Answered
Your Score History
You have not taken this quiz